000 00374 a2200169 4500
001 192674
020 _a
040 _cMagnum
100 _aAmorim, Maria Luisa
240 1 0 _aA reunião geral dos ratos
_lpor
245 1 0 _aA reunião geral dos ratos
300 _a8
362 0 _a1999
440 1 _aArmazém de Idéias
697 _aLITERATURA INFANTIL
942 _cBK
999 _c192674
_d192674